|
|
|
|
| LEADER |
00000nab a2200000 a 4500 |
| 001 |
vtls000666983 |
| 003 |
SK-MaSNL |
| 005 |
20260304094925.0 |
| 008 |
250425c1998 xo 0 slo |
| 015 |
|
|
|a SNBRB1998/08-22967
|
| 035 |
|
|
|a CLN000019166
|
| 035 |
|
|
|a urn:nbn:sk:snk-abbrwl
|
| 035 |
|
|
|a (urnnbn)urn:nbn:sk:snk:ar-0000dp
|
| 035 |
|
|
|a (uuid)46c4dea5-b8b1-432c-92fc-b960417fc8ce
|
| 040 |
|
|
|a SNKBUCL
|b slo
|c SNKBUCL
|e AACR2
|
| 041 |
0 |
|
|a slo
|
| 044 |
|
|
|a xo
|c SK
|
| 080 |
|
|
|a 82.09:840-2(048)
|2 1997
|
| 080 |
|
|
|a 840-2(048)
|2 1997
|
| 100 |
1 |
|
|a Kuhnová, Daniela
|4 aut
|9 592042
|
| 245 |
1 |
0 |
|a Báječne, božsky, ioneskovsky
|c Daniela Kuhnová
|
| 650 |
0 |
7 |
|a hry divadelné francúzske
|x recenzie
|2 snkbucl
|9 873185
|
| 655 |
|
7 |
|a články z novín a časopisov
|2 snkbucl
|9 267496
|
| 773 |
0 |
|
|t Romboid
|g Roč. 33, č. 4 (1998), s. 66-68
|x 0231-6714
|
| 787 |
0 |
8 |
|i Rec.:
|a Ionesco, Eugene, 1912-1994
|t Lekcia
|d Banská Bystrica : DREWO A SRD, 1997
|z 8096776002
|
| 850 |
|
|
|a Slovenská národná knižnica
|
| 852 |
|
|
|a Slovenská národná knižnica
|
| 958 |
|
|
|a article15
|
| 958 |
|
|
|a OND
|
| 958 |
|
|
|a LX
|
| 958 |
|
|
|a FR
|
| 958 |
|
|
|a EUIPO
|
| 992 |
|
|
|a RBX
|
| 999 |
|
|
|c 2829707
|d 2831637
|